|
|
|
|
| LEADER |
01750nam a2200397 i 4500 |
| 001 |
EBC5524380 |
| 003 |
MiAaPQ |
| 005 |
20200520144314.0 |
| 006 |
m o d | |
| 007 |
cr cnu|||||||| |
| 008 |
181015s2018 nyu o 000 0 eng d |
| 020 |
|
|
|z 9781631577291
|
| 020 |
|
|
|a 9781631577307 (e-book)
|
| 035 |
|
|
|a (MiAaPQ)EBC5524380
|
| 035 |
|
|
|a (Au-PeEL)EBL5524380
|
| 035 |
|
|
|a (OCoLC)1056070793
|
| 040 |
|
|
|a MiAaPQ
|b eng
|e rda
|e pn
|c MiAaPQ
|d MiAaPQ
|
| 050 |
|
4 |
|a HB180.C5
|b .B484 2018
|
| 082 |
0 |
|
|a 330.0202
|2 23
|
| 100 |
1 |
|
|a Beveridge, Thomas M.,
|e author.
|
| 245 |
1 |
2 |
|a A primer on macroeconomics.
|n Volume II,
|p Competition and constraints /
|c Thomas M. Beveridge.
|
| 250 |
|
|
|a Second edition.
|
| 264 |
|
1 |
|a New York :
|b Business Expert Press,
|c 2018.
|
| 300 |
|
|
|a 1 online resource (171 pages).
|
| 336 |
|
|
|a text
|b txt
|2 rdacontent
|
| 337 |
|
|
|a computer
|b c
|2 rdamedia
|
| 338 |
|
|
|a online resource
|b cr
|2 rdacarrier
|
| 490 |
0 |
|
|a Business Expert Press Economics and Public Policy Collection,
|x 2163-761X
|
| 588 |
|
|
|a Description based on print version record.
|
| 590 |
|
|
|a Electronic reproduction. Ann Arbor, MI : ProQuest, 2018. Available via World Wide Web. Access may be limited to ProQuest affiliated libraries.
|
| 650 |
|
0 |
|a Economics
|v Handbooks, manuals, etc.
|
| 650 |
|
0 |
|a Macroeconomics.
|
| 655 |
|
4 |
|a Electronic books.
|
| 776 |
0 |
8 |
|i Print version:
|a Beveridge, Thomas M.
|t Primer on macroeconomics. Volume II, Competition and constraints.
|b Second edition.
|d New York : Business Expert Press, 2018
|h 171 pages
|k Business Expert Press Economics and Public Policy Collection
|z 9781631577291
|
| 797 |
2 |
|
|a ProQuest (Firm)
|
| 856 |
4 |
0 |
|u https://ebookcentral.proquest.com/lib/matrademy/detail.action?docID=5524380
|z Click to View
|